000 00830cam a22002411 4500
001 ne 65000303
003 DLC
005 20260227111811.0
008 870929s1963 ua 100 0 eng
010 _ane 65000303
035 _a(OCoLC)16771748
040 _aDLC
_cOrPS
_dDLC
042 _apremarc
050 0 0 _aHD5701
_b.R4 1963
111 2 _aRegional Seminar on Problems of Planning the Labour Force and Its Employment
_d(1963 :
_cCairo)
245 0 0 _aRegional Seminar on Problems of Planning the Labour Force & Its Employment;
260 _aCairo,
_bInstitute of National Planning
_c[1963 or 4]
300 _a1 v. (various pagings)
_c28 cm.
650 0 _aLabor supply.
651 0 _aDeveloping countries.
710 2 _aInternational Institute for Labour Studies.
710 2 _aMaʻhad al-Takhṭīṭ al-Qawmī (Egypt)
999 _c47914
_d47914